000 00290nam a22001217a 4500
008 180201b xxu||||| |||| 00| 0 eng d
041 _aeng
080 _a030
100 _a23
101 _aENC
245 _aThe Reader's Digest Great Encyclopedic Dictionary
_cLandau, S.I
942 _2udc
_cBK
999 _c41460
_d41460